Every Remorseless Tower in Eternal Towers of Hell - Statistics

General Stats
  • This quiz has been taken 20 times
    14 since last reset
  • The average score is 34 of 66
Answer Stats
Area Tower % Correct
Ring 2 Citadel of {Wacky Strategy}
100%
Forgotten Ridge Steeple of {Towering Pillars}
100%
Ring 2 Tower of {Eternal Suffering}
100%
Ring 1 Tower of {True Skill}
100%
Ring 5 Citadel of {Contrasting Regions}
80%
Zone 1 Citadel of {Peril}
80%
Ring 6 Citadel of {Scythe Recognition}
80%
The Starlit Archives Steeple of {Cheesy Vengeance}
80%
Ring 9 Tower of {Beat Block Berserk}
80%
Ashen Towerworks Tower of {Climactic Beats}
80%
Ring 5 Tower of {Fractured Obstacles}
80%
Ring 5 Tower of {Glitching and Healing}
80%
Ring 6 Tower of {Niflheim}
80%
Lost River Tower of {Triple Jeopardy}
80%
Zone 1 Tower of {Zespluz}
80%
Ring 9 Citadel of {Lethargy}
60%
Zone 4 Citadel of {Quadrilaterals}
60%
The Starlit Archives Steeple of {Forlorn Blizzard}
60%
Silent Abyss Steeple of {Malignant Blight}
60%
Silent Abyss Steeple of {Midnight Acropolis}
60%
Zone 6 Tower of {Astral Fusion}
60%
Ring 4 Tower of {Corrupted Nightmares}
60%
Zone 1 Tower of {Extreme Dystopia}
60%
The Starlit Archives Tower of {Fleeing From Everything Ending}
60%
Ashen Towerworks Tower of {Forever-Sleeping Flower}
60%
Steelspire Horizon Tower of {Geometric Kinetics}
60%
Arcane Area Tower of {Icy Adventures}
60%
Ashen Towerworks Tower of {Mechanical Disarray}
60%
Ring 7 Tower of {Never Ending Dizziness}
60%
Ring 4 Tower of {Nonsensical Platforms}
60%
Ashen Towerworks Tower of {Rhythm Heaven}
60%
Lost River Tower of {Tallying Every Mistake}
60%
Ring 7 Tower of {Ultraviolet}
60%
Zone 9 Tower of {Voyaging Into The Earth}
60%
Zone 9 Citadel of {Increasing Claustrophobia}
40%
Zone 10 Citadel of {Overcoming The World’s Imperfections}
40%
Zone 8 Citadel of {Pyramid Escapades}
40%
Ring 7 Citadel of {True Exasperation}
40%
Zone 6 Tower of {Brief Challenges}
40%
Zone 2 Tower of {Chaotic Moments}
40%
Zone 9 Tower of {Eye Candy}
40%
Zone 4 Tower of {Funky Grooves}
40%
Zone 2 Tower of {Great Displeasure}
40%
The Starlit Archives Tower of {House Without Home}
40%
Zone 6 Tower of {Massive Overheating}
40%
Ring 8 Tower of {Mean Tasks}
40%
Zone 9 Tower of {Minus Facility}
40%
Zone 8 Tower of {No Return}
40%
Ring 9 Tower of {Pastel Pillars}
40%
Ring 9 Tower of {Questionable Trials}
40%
Zone 1 Tower of {Really Nasty Ideas}
40%
Zone 4 Tower of {Tornado Vehemence}
40%
Ring 7 Tower of {Yearning Victory}
40%
Zone 7 Citadel of {A Cruel Tale}
20%
Zone 9 Tower of {Big Blocky Beefy Buttons}
20%
Zone 5 Tower of {Brutal and Bizarre Torment}
20%
Zone 4 Tower of {Dance Dance Destruction}
20%
Zone 10 Tower of {One Two Three Four}
20%
Zone 8 Tower of {Overbearing Vertigo}
20%
Zone 10 Tower of {Power Laws}
20%
Zone 10 Tower of {Prismatic Instability}
20%
Zone 10 Tower of {The Despondent Fortress}
20%
Zone 8 Tower of {Time and Space Manipulation}
20%
Zone 7 Tower of {Uncontrollable Ire}
20%
Ring 8 Tower of {Verdant Entropy}
20%
Zone 5 Tower of {Zany Architecture}
20%
No matching quizzes found
Score Distribution
Percent of People with Each Score
Percentile by Number Answered
Your Score History
You have not taken this quiz since the last reset